000 00672nam a2200229Ia 4500
003 OSt
005 20220926002635.0
006 a|||||r|||| 00| 0
007 ta
008 220923b |||||||| |||| 00| 0 eng d
037 _cGeneral Book
040 _aRTL
_cRTL
_beng
041 _2eng
_aeng
082 _aX.2,d.N73<N71r, L3
110 _aNATIONAL COUNCIL OF APPLIED ECONOMIC RESEARCH
_9141110
245 0 _aAnnual report,1971-73.
260 _a New Delhi
_bNCAER
_c1973
300 _a64p.
_ccm.
700 _aNATIONAL COUNCIL OF APPLIED ECONOMIC RESEARCH
_9141111
942 _hX.2,d.N73<N71r, L3
_cGB
_2CC
999 _c605694
_d605694